000 00629nam a2200229Ia 4500
003 OSt
005 20230413164526.0
008 210423s2009 xx 000 0 und d
020 _a9780521709842
040 _cAL
041 _aeng
082 _a330.9
_223
_bBRAS
100 _aBRAKMAN (Steven);others
_988547
245 _aNew introduction to geographical economics
260 _aNew York
_bCambridge University Press
_c2009
300 _axxvi,568
_bPB
365 _b2936
_cINR
650 _aEconomics
_988548
650 _aEconomics
_988548
906 _aeconomics ; geographical ; introduction ; New
942 _2ddc
_cBK
999 _c157476
_d157476